Định lý cuối cùng của Fermat : Một mật mã huyền bí và định mệnh

Sách giới thiệu những tìm tòi, khám phá bí ẩn định lí cuối cùng của Fermat cũng như cuộc đời và sự nghiệp của các nhà toán học vĩ đại trên thế giới từ xưa đến nay

Bewaard in:
Bibliografische gegevens
Hoofdauteur: Lê, Quang Ánh
Formaat: Boek
Taal:Undetermined
Gepubliceerd in: Thành phố Hồ Chí Minh Tổng hợp Thành phố Hồ Chí Minh 2018
Onderwerpen:
Tags: Voeg label toe
Geen labels, Wees de eerste die dit record labelt!
Thư viện lưu trữ: Trung tâm Học liệu Trường Đại học Cần Thơ
LEADER 00943nam a2200217Ia 4500
001 CTU_225970
008 210402s9999 xx 000 0 und d
020 |c 62000 
082 |a 510.092 
082 |b A107 
100 |a Lê, Quang Ánh 
245 0 |a Định lý cuối cùng của Fermat : 
245 0 |b Một mật mã huyền bí và định mệnh 
245 0 |c Lê Quang Ánh 
260 |a Thành phố Hồ Chí Minh 
260 |b Tổng hợp Thành phố Hồ Chí Minh 
260 |c 2018 
520 |a Sách giới thiệu những tìm tòi, khám phá bí ẩn định lí cuối cùng của Fermat cũng như cuộc đời và sự nghiệp của các nhà toán học vĩ đại trên thế giới từ xưa đến nay 
650 |a Mathematician,Nhà toán học 
910 |b vtbtruc 
980 |a Trung tâm Học liệu Trường Đại học Cần Thơ